| 000 | 003560000a22001570004500 | ||
|---|---|---|---|
| 001 | 002085 | ||
| 003 | MACL | ||
| 040 | _aMACL | ||
| 090 |
_c14078 _d14077 |
||
| 100 | _aVaish, Nehal Chand | ||
| 245 |
_aMusings on The Bhagwad Gita _cNehal Chand Vaish |
||
| 260 |
_aBharatiya Vidya Bhavan, _c2001 |
||
| 350 | _a500 | ||
| 650 | _aReligion | ||
| 942 |
_k295 _cBook |
||
| 999 |
_c14001 _d14001 |
||